Vista normal Vista MARC

Entrada Materia (tema)

Número de registros utilizados en: 1

001 - CONTROL NUMBER

  • control field: 103527

003 - CONTROL NUMBER IDENTIFIER

  • control field: Co-BoUCM

005 - DATE AND TIME OF LATEST TRANSACTION

  • control field: 20210519151550.0

008 - FIXED-LENGTH DATA ELEMENTS

  • fixed length control field: 210519|| aca||aabn | a|a d

040 ## - CATALOGING SOURCE

  • Original cataloging agency: Co-BoUCM
  • Transcribing agency: Co-BoUCM

150 ## - HEADING--TOPICAL TERM

  • Topical term or geographic name as entry element: Nacionalismo
  • Geographic subdivision: Québec (provincia)

670 ## - SOURCE DATA FOUND

  • Source citation: Work cat.: (Co-BoUCM)317231: Bouchard, Gérard 103526, La nation québécoise au futur et au passé, 1999